Catálogo público

CABI Compendium: Crop Protection = Compendio CABI: protección de cultivos (Record no. 218803)

MARC details
000 -CABECERA
campo de control de longitud fija 01457npi a2200265 a 4500
003 - IDENTIFICADOR DEL NÚMERO DE CONTROL
campo de control OSt
005 - FECHA Y HORA DE LA ÚLTIMA TRANSACCIÓN
campo de control 20250303122356.0
008 - DATOS DE LONGITUD FIJA--INFORMACIÓN GENERAL
campo de control de longitud fija 230524q2023 ||||||||o|||| 00| 0 eng d
040 ## - FUENTE DE LA CATALOGACIÓN
Centro catalogador/agencia de origen Chap
Centro/agencia transcriptor Chap
245 00 - MENCIÓN DE TÍTULO
Título CABI Compendium: Crop Protection = Compendio CABI: protección de cultivos
246 31 - FORMA VARIANTE DE TÍTULO
Título propio/Titulo breve Compendio CABI:
Resto del título protección de cultivo.
246 31 - FORMA VARIANTE DE TÍTULO
Título propio/Titulo breve Crop Protection Compendium
250 ## - MENCIÓN DE EDICIÓN
Mención de edición 2023
505 ## - NOTA DE CONTENIDO CON FORMATO
Información miscelánea Recopilación de datos e investigaciones sobre especies, plagas y enfermedades en la agricultura, la acuicultura y la producción ganadera, y el medio ambiente en un solo recurso integral.
505 ## - NOTA DE CONTENIDO CON FORMATO
Información miscelánea Incluye imágenes, mapas y herramientas de diagnóstico y apoyo a la toma de decisiones, como la herramienta de escaneo Horizon, la herramienta de análisis de riesgo de plagas (Pest Risk Analysis Tool) y una nueva incorporación: la herramienta de descubrimiento de especies invasoras (Invasive Species Discovery Tool).
650 #4 - PUNTO DE ACCESO ADICIONAL DE MATERIA--TÉRMINO DE MATERIA
9 (RLIN) 171282
Término de materia o nombre geográfico como elemento de entrada Plagas agrícolas
650 #4 - PUNTO DE ACCESO ADICIONAL DE MATERIA--TÉRMINO DE MATERIA
9 (RLIN) 41161
Término de materia o nombre geográfico como elemento de entrada Fitopatología
650 #0 - PUNTO DE ACCESO ADICIONAL DE MATERIA--TÉRMINO DE MATERIA
9 (RLIN) 143387
Término de materia o nombre geográfico como elemento de entrada Producción ganadera
650 #4 - PUNTO DE ACCESO ADICIONAL DE MATERIA--TÉRMINO DE MATERIA
9 (RLIN) 187138
Término de materia o nombre geográfico como elemento de entrada Ciencias ambientales
650 #7 - PUNTO DE ACCESO ADICIONAL DE MATERIA--TÉRMINO DE MATERIA
9 (RLIN) 758
Término de materia o nombre geográfico como elemento de entrada Acuicultura
710 2# - PUNTO DE ACCESO ADICIONAL--NOMBRE DE ENTIDAD CORPORATIVA
9 (RLIN) 187137
Nombre de entidad corporativa o nombre de jurisdicción como elemento de entrada CAB International (Wallingford, Inglaterra)
856 ## - LOCALIZACIÓN Y ACCESO ELECTRÓNICOS
Identificador Uniforme del Recurso <a href="https://www.cabidigitallibrary.org/journal/cabicompendium">https://www.cabidigitallibrary.org/journal/cabicompendium</a>
Nota pública ACCESO RED UACh
856 ## - LOCALIZACIÓN Y ACCESO ELECTRÓNICOS
Identificador Uniforme del Recurso <a href="https://chapingo.idm.oclc.org/login?url=https://www.cabidigitallibrary.org/journal/cabicompendium">https://chapingo.idm.oclc.org/login?url=https://www.cabidigitallibrary.org/journal/cabicompendium</a>
Nota pública ACCESO EXTERNO
942 ## - ELEMENTOS DE PUNTO DE ACCESO ADICIONAL (KOHA)
Tipo de ítem Koha Recursos Electrónicos 2026
Holdings
Estado de retiro Estado de pérdida Fuente del sistema de clasificación o colocación Estado dañado No para préstamo Código de colección Localización permanente Ubicación/localización actual Ubicación en estantería Fecha de adquisición Total de préstamos Fecha visto por última vez Precio válido a partir de Tipo de ítem Koha
    Clasificación Universidad Autónoma de Chapingo     Recursos Electrónicos 2026 Biblioteca Digital Biblioteca Digital En línea 24/05/2023   24/05/2023 24/05/2023 Recursos Electrónicos 2026